1202 1070 1327 1749 1943 1528 1166 1374 1009 1662 1035 1185 1725 1115 1476 1300 1771 1091 1828 1868 1123 1722 1631 1922 1003 1551 1969 1760 1486 1463 1002 1641 1134 1872 1573 1733 1134 1986 1550 1405 1491 1593 1694 1152 1228 1142 1379 1004 1515 1477 1614 1783 1664 1513 1676 1769 1875 1626 1713 1748 1393 1171 1673 1286 1051 1275 1973 1414 1827 1852 1846 1669 1981 1287 1073 1635 1925 1239 1983 1785 1287 1699 1118 1897 1039 1447 1367 1604 1411 1041 1928 1951 1483 1450 1715 1498 1295 1262 1309 BCNSPRNW ULIB Ver.6.0+V

เปลี่ยนเป็นภาษาไทย

Change to English
 แสดงรายละเอียดบรรณานุกรม
  กลับหน้าหลัก

Brief Record : Get Marc (ISO 2709) : E-mail record : QR code < ปิดหน้าต่าง
LEADER : 00000nam 2200000uu 4500
001    13399124339
003     ULIB
008    150424s2557||||th 000 0 tha d
020    ^a9789745069824 (ล.3)
020    ^a9745069825
060 04 ^aWY157^bศ496ก ล.3
245 00 ^aการพยาบาลสูติศาสตร์ เล่ม 3 /^cศรีเกียรติ อนันต์สวัสดิ์,บรรณาธิการ
250    ^aพิมพ์ครั้งที่ 13
260    ^aนนทบุรี :^bโครงการสวัสดิการวิชาการ สถาบันพระบรมราชชนกกระทรวงสาธารณสุข,^c2557
300    ^a[13], 661 หน้า :^bภาพประกอบ ;^c26 ซม.
650  7 ^aการพยาบาลสูติศาสตร์
700 0  ^aศรีเกียรติ อนันต์สวัสดิ์,^eบรรณาธิการ
710 2  ^aกระทรวงสาธารณสุข
710 2  ^aสถาบันพระบรมราชชนก. ^bโครงการสวัสดิการวิชาการ
945    ^p300^l0^i039371
995    ^aทศพร
999    ^aทศพร
รายการนี้ยังไม่มีแท็ก
คุณยังไม่ได้ล็อกอิน คุณสามารถมีกิจกรรมร่วมกับเว็บไซต์ได้ แต่ต้องล็อกอินก่อน ::
  ล็อกอิน

รายการสื่อสารสนเทศ

ลำดับที่ ประเภท เลขเรียก/บาร์โค้ด สถานที่ สถานะ
1. Book การพยาบาล
Book การพยาบาล
WY157 ศ496ก ล.3 ฉ.1 
  Barcode: 039371
ห้องสมุดวิทยาเขตสวรรค์ประชารักษ์
►ส่วนจัดเก็บหนังสือเก่า สปร
บนชั้น
  ขอยืม

รายการใกล้เคียง
    หัวเรื่อง [การพยาบาลสูติศาสตร์]

BibComment


ยังไม่เคยถูกคอมเมนท์

คอมเมนท์ทรัพยากรรายการนี้
  คอมเมนท์: การพยาบาลสูติศาส..


 Copyright 2026. Bcnsprnw @Library